| 000 | 00981na a2200301 4500 | ||
|---|---|---|---|
| 001 | 15975 | ||
| 003 | MIRAKIL | ||
| 005 | 20181213154748.0 | ||
| 008 | 161001b tu 000 0 | ||
| 020 | _a9755390103 | ||
| 040 |
_aMilas _btur _cTR-AnCHP |
||
| 082 |
_a302 _bV27c 1995 |
||
| 090 | _a302 V27c 1995 | ||
| 100 | _aVassaf, Gündüz | ||
| 245 |
_aCehenneme övgü _bGündelik hayatta totalitarizm _cGündüz Vassaf ; ingilizceden çevirenler: Ömer Madra; Zehra Gencosman |
||
| 246 | _aGündelik hayatta totalitarizm | ||
| 250 | _a4.bs. | ||
| 260 |
_aİstanbul _bAyrıntı yayınları _c1995 |
||
| 300 |
_a244 s. _bresim var. _c19 sm. |
||
| 440 |
_aAyrıntı _n47 |
||
| 490 |
_aİnceleme _v25 |
||
| 500 | _aÖzgün eser adı: Prisoners of ourselves essays on the psycology of totalitarism in everyday life | ||
| 650 |
_aTotalitarizm _xSosyal yönler |
||
| 650 | _aSosyal psikoloji | ||
| 650 |
_aÖzgürlük _xFelsefe |
||
| 650 | _aTotaliler etik | ||
| 942 |
_2ddc _cBKS |
||
| 999 |
_c415 _d415 |
||